| 000 | 00510nam a22001932 4500 | ||
|---|---|---|---|
| 001 | 0000001642 | ||
| 005 | 20170406113612.0 | ||
| 008 | 140123s xx 000 0 eng d | ||
| 020 | _c$ | ||
| 040 |
_aYour Holding Symbol _cYour Holding Symbol |
||
| 100 | 1 | _aACCA. | |
| 245 | 1 | 0 |
_aDIPLOMA IN FINANCIAL MANAGEMENT : _bfinancial strateg. |
| 250 | _a ed. | ||
| 260 |
_alondon : _bProfessional, _c2004. |
||
| 300 |
_a342 p. ; _c cm. |
||
| 504 | _aindex. | ||
| 650 | 0 | _aACCA. | |
| 908 | _a140123 | ||
| 999 |
_c1554 _d1554 |
||